000 00769nam a2200301Ia 4500
001 60523
003 IT-RoPAU
008 130308s9999 xx 000 0 und d
040 _aIT-RoPAU
040 _cIT-RoPAU
041 _aFRANCESE
100 _aLe Bot Marc
100 _gCodice Aut. SPICS: 4788
245 _aArt ne communique rien a personne (L')
245 _bArt et Communication
250 _a1a ed.
260 _aPARIS
260 _bOsiris
260 _c1986 [1° Ed.:1986 - Ed.Ling.Originale:1986]
300 _a"3 p. (prefazione: no ; testo: 3 [pagine: 141-143])"
500 _aArte Non Comunica
650 _aSAGGI DI ESTETOLOGIA
650 _eCodice materia Spics: 5111
942 _cBK
957 _71
999 _c47481
_d47481
999 _bSI
999 _g1